000 01980nam a2200445 c 4500
003 BLK
005 20180422103951.0
008 180408b bul|||||r ||||||| ||bul||
010 _aKNG00086017000
020 _a978-954-330-147-8
_bиздат.: Унискорп
040 _aBLK
041 _aBUL
_cBUL
080 _aКласически митологии. Религии на Древна Гърция и Рим, етруска религия. Подразделя се като 291
_b292
_x
_z292
100 1 _aБингъм, Джейн
_eпърви автор
_9372469
700 1 _aИлиев, Илия
_eпрев. от англ.
_gКожухаров, Илия Илиев
_9363839
139 _aБингъм, Джейн
_bБ 44
245 1 0 _aКласически митове
_bСъкровищница с гръцки и римски легенди, изкуство и история
_cДжейн Бингъм; прев. от англ. Илия Илиев.
257 _aGBR
260 София
_bУнискорп
_c2008
_fотпеч. с Китай
300 _a96 с.
_bс цв. ил.
_c23 см
380 _aDN
490 1 _aСветът на митовете
500 _aОриг. загл. Classical Myth / Jane Bingham. - Офс. изд. - Хронология на класическата епоха ; Речник ; Показалец. - Библиогр. с. 93.
504 _a93
590 _aф
650 4 _aМитология - Древна Гърция
_9271903
650 4 _aМитология - Древен Рим
_9300142
651 4 _aДревна Гърция
_9242869
651 4 _aДревен Рим
_9254522
653 _aмитология
653 _aдревногръцки митове
653 _aдревноримски митове
653 _aистория
653 _aизкуство
852 _aЦб 241611
856 4 _qpdf
_u
856 4 _qpdf
_u
942 _cKNG
_n0
944 _aCR
_c24.10.2008
_kЛюдмила_Стоянова
944 _aED
_c30.10.2008
_k
999 _c81513
_d81513